000 01530nam0a2200337 i 4500
001 RU\NLR\BIBL_A\010689658
005 20241103125753.0
010 _a9785913629012
_95000
021 _aRU
_b2014-98729
_95987
035 _a(NILC)RuMoRGB-007847240
035 _a(NLR Aleph) 010689658
090 _a9679502
_c9679502
100 _a20150304d2015 u y0rusy50 ca
101 1 _arus
_cund
102 _aRU
105 _aacb|z|||001zy
200 1 _aВсеобъемлющее собрание (Пандекты) Богодухновенных Святых Писаний
_fпреп. Антиох Монах
_gпер. [с греч.], коммент. П.К. Доброцветова
_gред. пер. Д.Е. Афиногенова
210 _aМосква
_cСибирская благозвонница
_d2015
215 _a750, [1] с.
_cил., портр., карт.
_d17
320 _aБиблиогр. в тексте коммент.: с. 729-744 и в подстроч. примеч.
606 _aДуховно-нравственное чтение
_92074545
_3RU\NLR\AUTH\661249549
686 2 _aЭ372.24-681.2
700 0 _7ca
_8rus
_aАнтиох
_cпреподобный
_cмонах
_fVIIв.
_9156047
_3RU\NLR\AUTH\770156086
702 1 _aДоброцветов
_bП. К.
_f1971-
_gПавел Кириллович
_4730
801 0 _aRU
_bРГБ
_c20150113
_gRCR
801 1 _aRU
_bРГБ
_c20150113
_2rusmarc
942 _cBOOK
980 _aNBR